00505 a2200169 450000100060000002000150000604000220002110000260004324000240006924500190009330000070011236200090011965000690012894200070019795201140020499900170031861429 a8516042472 cAnchieta - Pituba aBranco, Samuel Murgel10aTransgênicoslpor10aTransgênicos a480 a2004 4aAlimentos e plantas geneticamente transformados / Transgênicos cBK 00104070a91.1b91.1d2023-11-21l0o631 5233 B816t BRA TRAp13461/PITr2023-11-21 18:29:36w2023-11-21yBK c61429d61429